[Event "71st RUS-ch Higher League 2018"]
[Site "Yaroslavl"]
[Date "2018.07.03"]
[Round "7"]
[White "Sarana, Alexey"]
[Black "Zvjaginsev, Vadim"]
[Result "1/2-1/2"]
[WhiteElo "2573"]
[BlackElo "2633"]
[Annotator "ChessBase"]
[PlyCount "136"]
[EventDate "2018.06.26"]
[EventType "swiss"]
[EventCountry "RUS"]
[SourceTitle "playchess.com"]
[Source "ChessBase"]
[SourceQuality "1"]
[TimeControl "40/5400+30:1800+30"]

1. e4 {[%emt 0:00:00]} e6 {[%emt 0:00:00]} 2. d4 {[%emt 0:00:00]} d5 {[%emt 0:00:00]} 3. Nd2 {[%emt 0:00:00]} c5 {[%emt 0:00:00]} 4. exd5 {[%emt 0:00:08]} exd5 {[%emt 0:00:29]} 5. dxc5 {[%emt 0:00:33]} Bxc5 {[%emt 0:00:58]} 6. Nb3 {[%emt 0:00:20]} Bb6 {[%emt 0:01:40]} 7. Nf3 {[%emt 0:00:23]} Nc6 {[%emt 0:03:18]} 8. Bd3 {[%emt 0:00:14]} Qe7+ {[%emt 0:02:42]} 9. Qe2 {[%emt 0:00:04]} Qxe2+ {[%emt 0:01:55]} 10. Kxe2 {[%emt 0:00:02]} Nf6 {[%emt 0:02:00]} 11. Be3 {[%emt 0:03:04]} Bxe3 {[%emt 0:03:10]} 12. Kxe3 {[%emt 0:07:05]} O-O {[%emt 0:00:43]} 13. Nfd4 {[%emt 0:00:27]} Ng4+ {[%emt 0:05:01]} 14. Kf3 {[%emt 0:00:32]} Nce5+ {[%emt 0:07:34]} 15. Kg3 {[%emt 0:00:27]} a5 {[%emt 0:05:08]} 16. Rhe1 {[%emt 0:07:31]} a4 {[%emt 0:02:29]} 17. Nc1 {[%emt 0:02:05]} a3 {[%emt 0:08:26]} 18. bxa3 {[%emt 0:00:10]} Rxa3 {[%emt 0:05:33]} 19. f3 {[%emt 0:01:05]} Nxd3 {[%emt 0:01:25]} 20. Nxd3 {[%emt 0:00:08]} Ra4 {[%emt 0:04:22]} 21. c3 {[%emt 0:02:22]} Nf6 {[%emt 0:00:45]} 22. Reb1 {[%emt 0:02:59]} Rc4 {[%emt 0:02:08]} 23. Rb3 {[%emt 0:01:01]} Re8 {[%emt 0:02:06]} 24. Kf2 {[%emt 0:00:14]} Bd7 {[%emt 0:03:05]} 25. Nb2 {[%emt 0:02:40]} Rc7 {[%emt 0:03:08]} 26. a4 {[%emt 0:03:12]} Kf8 {[%emt 0:02:13]} 27. a5 {[%emt 0:01:47]} Ra8 {[%emt 0:02:35]} 28. Nd3 {[%emt 0:03:51]} Ke7 {[%emt 0:07:25]} 29. h4 {[%emt 0:01:31]} h5 {[%emt 0:01:04]} 30. Ke3 {[%emt 0:01:09]} Kf8 {[%emt 0:02:30]} 31. Kd2 {[%emt 0:02:04]} g6 {[%emt 0:02:11]} 32. Rb6 {[%emt 0:02:54]} Kg7 {[%emt 0:00:34]} 33. Ra3 {[%emt 0:08:03]} Ng8 {[%emt 0:01:38]} 34. Rd6 {[%emt 0:02:17]} Ne7 {[%emt 0:02:49]} 35. Nf4 {[%emt 0:03:23]} Ra6 {[%emt 0:01:16]} 36. Rxa6 {[%emt 0:02:35]} bxa6 {[%emt 0:00:05]} 37. Rb3 {[%emt 0:00:38]} Bc8 {[%emt 0:01:34]} 38. Nd3 {[%emt 0:03:18]} Nc6 {[%emt 0:04:45]} 39. Nxc6 {[%emt 0:04:32]} Rxc6 {[%emt 0:00:45]} 40. g3 {[%emt 0:00:00]} Rc7 {[%emt 0:00:00]} 41. Rb6 {[%emt 0:01:45]} Rc4 {[%emt 0:08:08]} 42. Ne5 {[%emt 0:04:23]} Ra4 {[%emt 0:03:26]} 43. Rc6 {[%emt 0:00:59]} Be6 {[%emt 0:01:21]} 44. Rxa6 {[%emt 0:00:06]} d4 {[%emt 0:00:10]} 45. cxd4 {[%emt 0:03:12]} Rxd4+ {[%emt 0:00:27]} 46. Kc3 {[%emt 0:00:15]} Ra4 {[%emt 0:02:15]} 47. Kd3 {[%emt 0:07:51]} Bd5 {[%emt 0:06:19]} 48. Ra7 {[%emt 0:01:21]} Kf6 {[%emt 0:01:29]} 49. Nd7+ {[%emt 0:02:56]} Kf5 {[%emt 0:00:55]} 50. Nb6 {[%emt 0:13:51]} Ra3+ {[%emt 0:00:25]} 51. Kc2 {[%emt 0:00:09]} Be6 {[%emt 0:04:47]} 52. a6 {[%emt 0:01:01]} Ke5 {[%emt 0:01:16]} 53. Ra8 {[%emt 0:08:10]} Kd4 {[%emt 0:04:00]} 54. a7 {[%emt 0:00:11]} Ke3 {[%emt 0:00:55]} 55. g4 {[%emt 0:04:13]} Kxf3 {[%emt 0:01:30]} 56. gxh5 {[%emt 0:00:02]} gxh5 {[%emt 0:00:20]} 57. Kb2 {[%emt 0:03:04]} Rb3+ {[%emt 0:03:20]} 58. Kc1 {[%emt 0:00:04]} Rxb6 {[%emt 0:01:09]} 59. Rd8 {[%emt 0:00:05]} Ra6 {[%emt 0:00:35]} 60. a8=Q+ {[%emt 0:00:05]} Rxa8 {[%emt 0:00:03]} 61. Rxa8 {[%emt 0:00:10]} Kg3 {[%emt 0:00:29]} 62. Kd2 {[%emt 0:00:46]} Kxh4 {[%emt 0:00:20]} 63. Ra3 {[%emt 0:00:19]} Kg4 {[%emt 0:01:30]} 64. Ke2 {[%emt 0:00:03]} h4 {[%emt 0:00:06]} 65. Kf2 {[%emt 0:00:14]} f5 {[%emt 0:00:39]} 66. Ra6 {[%emt 0:00:15]} Bd5 {[%emt 0:00:13]} 67. Rh6 {[%emt 0:00:40]} Be4 {[%emt 0:00:41]} 68. Rh7 {[%emt 0:00:05]} Bd5 1/2-1/2

[Event "71st RUS-ch Higher League 2018"]
[Site "Yaroslavl"]
[Date "2018.07.03"]
[Round "7"]
[White "Shaposhnikov, Evgeny"]
[Black "Ponkratov, Pavel"]
[Result "1/2-1/2"]
[WhiteElo "2572"]
[BlackElo "2622"]
[Annotator "ChessBase"]
[PlyCount "88"]
[EventDate "2018.06.26"]
[EventType "swiss"]
[EventCountry "RUS"]
[SourceTitle "playchess.com"]
[Source "ChessBase"]
[SourceQuality "1"]
[TimeControl "40/5400+30:1800+30"]

1. Nf3 {[%emt 0:00:14]} Nf6 {[%emt 0:00:00]} 2. c4 {[%emt 0:00:24]} e6 {[%emt 0:00:00]} 3. d4 {[%emt 0:00:58]} b6 {[%emt 0:00:00]} 4. e3 {[%emt 0:00:34]} Bb7 {[%emt 0:00:00]} 5. Bd3 {[%emt 0:00:06]} d5 {[%emt 0:00:00]} 6. O-O {[%emt 0:01:14]} a6 {[%emt 0:01:47]} 7. b3 {[%emt 0:00:56]} Nbd7 {[%emt 0:01:28]} 8. Bb2 {[%emt 0:01:09]} Bd6 {[%emt 0:00:47]} 9. cxd5 {[%emt 0:02:38]} exd5 {[%emt 0:00:09]} 10. Ba3 {[%emt 0:01:33]} c5 {[%emt 0:05:09]} 11. Nc3 {[%emt 0:00:20]} O-O {[%emt 0:01:04]} 12. Bf5 {[%emt 0:00:18]} b5 {[%emt 0:07:33]} 13. dxc5 {[%emt 0:11:35]} Nxc5 {[%emt 0:00:04]} 14. Rc1 {[%emt 0:00:22]} g6 {[%emt 0:21:20]} 15. Ne2 {[%emt 0:03:20]} Nfe4 {[%emt 0:03:57]} 16. Bxe4 {[%emt 0:13:16]} dxe4 {[%emt 0:00:06]} 17. Bxc5 {[%emt 0:02:11]} exf3 {[%emt 0:23:21]} 18. Qxd6 {[%emt 0:05:51]} fxe2 {[%emt 0:00:10]} 19. Rfe1 {[%emt 0:00:12]} Qxd6 {[%emt 0:00:05]} 20. Bxd6 {[%emt 0:00:04]} Rfd8 {[%emt 0:00:19]} 21. Bb4 {[%emt 0:05:41]} a5 {[%emt 0:03:35]} 22. Bc3 {[%emt 0:01:14]} Rac8 {[%emt 0:06:11]} 23. Bd4 {[%emt 0:07:44]} Rxc1 {[%emt 0:00:34]} 24. Rxc1 {[%emt 0:00:02]} Rc8 {[%emt 0:00:05]} 25. Rxc8+ {[%emt 0:04:52]} Bxc8 {[%emt 0:00:04]} 26. Bc3 {[%emt 0:00:07]} b4 {[%emt 0:00:07]} 27. Bd2 {[%emt 0:06:44]} Bf5 {[%emt 0:01:09]} 28. f3 {[%emt 0:01:32]} Bb1 {[%emt 0:00:10]} 29. Kf2 {[%emt 0:01:06]} Bxa2 {[%emt 0:00:40]} 30. Kxe2 {[%emt 0:00:09]} Bxb3 {[%emt 0:00:03]} 31. Kd3 {[%emt 0:00:24]} f5 {[%emt 0:00:56]} 32. e4 {[%emt 0:01:15]} fxe4+ {[%emt 0:01:11]} 33. Kxe4 {[%emt 0:00:46]} Kf7 {[%emt 0:00:06]} 34. Be3 {[%emt 0:05:23]} Ke6 {[%emt 0:00:23]} 35. Bb6 {[%emt 0:00:30]} Bc2+ {[%emt 0:00:08]} 36. Kd4 {[%emt 0:00:24]} a4 {[%emt 0:00:09]} 37. Bc5 {[%emt 0:01:53]} b3 {[%emt 0:00:06]} 38. Kc3 {[%emt 0:01:52]} Ke5 {[%emt 0:00:18]} 39. Kb2 {[%emt 0:01:16]} Kd5 {[%emt 0:00:32]} 40. Be3 {[%emt 0:00:00]} Kc4 {[%emt 0:00:00]} 41. Bf4 {[%emt 0:01:45]} Kd3 {[%emt 0:01:19]} 42. h4 {[%emt 0:00:24]} Ke2 {[%emt 0:00:08]} 43. g3 {[%emt 0:00:15]} Kxf3 {[%emt 0:00:14]} 44. Bb8 {[%emt 0:00:16]} Ke4 {[%emt 0:05:25]} 1/2-1/2

[Event "71st RUS-ch Higher League 2018"]
[Site "Yaroslavl"]
[Date "2018.07.03"]
[Round "7"]
[White "Vavulin, Maksim"]
[Black "Kokarev, Dmitry"]
[Result "0-1"]
[WhiteElo "2552"]
[BlackElo "2603"]
[Annotator "ChessBase"]
[PlyCount "88"]
[EventDate "2018.06.26"]
[EventType "swiss"]
[EventCountry "RUS"]
[SourceTitle "playchess.com"]
[Source "ChessBase"]
[SourceQuality "1"]
[TimeControl "40/5400+30:1800+30"]

1. e4 {[%emt 0:00:00]} c5 {[%emt 0:00:00]} 2. Nc3 {[%emt 0:00:30]} d6 {[%emt 0:00:30]} 3. d4 {[%emt 0:00:30]} cxd4 {[%emt 0:00:30]} 4. Qxd4 {[%emt 0:00:30]} Nc6 {[%emt 0:00:30]} 5. Qd2 {[%emt 0:00:30]} g6 {[%emt 0:00:00]} 6. b3 {[%emt 0:00:00]} Bh6 {[%emt 0:00:00]} 7. f4 {[%emt 0:00:00]} Nf6 {[%emt 0:00:00]} 8. Bb2 {[%emt 0:00:00]} O-O {[%emt 0:00:00]} 9. O-O-O {[%emt 0:00:00]} a5 {[%emt 0:00:00]} 10. Bb5 {[%emt 0:08:42]} Qb6 {[%emt 0:00:00]} 11. a4 {[%emt 0:07:01]} Nb4 {[%emt 0:06:27]} 12. Kb1 {[%emt 0:01:55]} Bg4 {[%emt 0:08:31]} 13. Rf1 {[%emt 0:05:13]} d5 {[%emt 0:16:03]} 14. h3 {[%emt 0:18:13]} Be6 {[%emt 0:00:18]} 15. e5 {[%emt 0:16:06]} d4 {[%emt 0:02:51]} 16. Na2 {[%emt 0:06:18]} Ne4 {[%emt 0:02:06]} 17. Qe1 {[%emt 0:00:11]} Nxa2 {[%emt 0:08:27]} 18. Qxe4 {[%emt 0:04:00]} Nc3+ {[%emt 0:01:53]} 19. Bxc3 {[%emt 0:00:07]} dxc3 {[%emt 0:00:03]} 20. Ne2 {[%emt 0:00:22]} Rfd8 {[%emt 0:17:37]} 21. Rd1 {[%emt 0:00:37]} Qc5 {[%emt 0:05:15]} 22. Bc4 {[%emt 0:05:30]} Qb4 {[%emt 0:08:02]} 23. Rd4 {[%emt 0:02:58]} Rxd4 {[%emt 0:01:49]} 24. Qxd4 {[%emt 0:00:07]} Bxc4 {[%emt 0:00:31]} 25. Qxc4 {[%emt 0:00:07]} Qxc4 {[%emt 0:00:31]} 26. bxc4 {[%emt 0:00:02]} Rc8 {[%emt 0:00:10]} 27. Rd1 {[%emt 0:00:44]} Rxc4 {[%emt 0:00:53]} 28. Rd8+ {[%emt 0:00:36]} Kg7 {[%emt 0:02:02]} 29. g3 {[%emt 0:01:50]} Rb4+ {[%emt 0:02:44]} 30. Ka1 {[%emt 0:07:36]} Rxa4+ {[%emt 0:00:11]} 31. Kb1 {[%emt 0:00:02]} Rb4+ {[%emt 0:00:52]} 32. Ka1 {[%emt 0:00:07]} f6 {[%emt 0:03:50]} 33. e6 {[%emt 0:06:29]} Re4 {[%emt 0:05:18]} 34. Nd4 {[%emt 0:06:13]} f5 {[%emt 0:00:13]} 35. h4 {[%emt 0:00:36]} Re3 {[%emt 0:01:05]} 36. Re8 {[%emt 0:00:43]} Kf6 {[%emt 0:00:31]} 37. Rh8 {[%emt 0:00:21]} Rxg3 {[%emt 0:03:44]} 38. Rxh7 {[%emt 0:00:11]} Bxf4 {[%emt 0:01:10]} 39. Rf7+ {[%emt 0:00:36]} Ke5 {[%emt 0:00:06]} 40. Ne2 {[%emt 0:00:00]} Re3 {[%emt 0:00:00]} 41. Nxf4 {[%emt 0:00:28]} Kxf4 {[%emt 0:00:45]} 42. Rxe7 {[%emt 0:00:05]} Kg4 {[%emt 0:01:58]} 43. Re8 {[%emt 0:01:11]} Kxh4 {[%emt 0:00:30]} 44. e7 {[%emt 0:00:05]} Kg3 {[%emt 0:00:46]} 0-1

[Event "71st RUS-ch Higher League 2018"]
[Site "Yaroslavl"]
[Date "2018.07.03"]
[Round "7"]
[White "Sychev, Klementy"]
[Black "Esipenko, Andrey"]
[Result "1/2-1/2"]
[WhiteElo "2527"]
[BlackElo "2599"]
[Annotator "TA"]
[PlyCount "35"]
[EventDate "2018.06.26"]
[EventType "swiss"]
[EventCountry "RUS"]
[SourceTitle "playchess.com"]
[Source "ChessBase"]
[SourceQuality "1"]

{[%evp 17,35,22,33,0,0,-27,24,0,0,0,0,0,14,3,20,0,0,0,0,0]} 1. e4 c6 2. Nf3 d5 3. Nc3 Bg4 4. h3 Bxf3 5. Qxf3 e6 6. d4 dxe4 7. Qxe4 {B11: Caro-Kann: Two Knights Variation} Nf6 8. Qh4 (8. Qd3 Na6 9. a3 Qb6 10. Be2 Be7 11. O-O O-O 12. Rd1 Rfd8 13. b4 Nc7 14. Na4 Qb5 {½-½ (39) Vachier Lagrave,M (2794)-Ivanchuk,V (2732) Germany 2018}) 8... Be7 9. Bd3 Nbd7 {LiveBook: 6 Games} 10. Qg3 Qb6 11. O-O $146 ({Predecessor:} 11. Ne2 Rg8 12. a4 a5 13. Be3 Qd8 14. c3 g5 {1-0 (30) Puranik,A (2476)-Abelgas,R (2291) Subic Bay 2016}) 11... O-O (11... Qxd4 $142 12. Be3 (12. Qxg7 Rg8 $11) 12... Qe5) 12. Bh6 {[%csl Gh6][%cal Rg3g7] [#]} Nh5 {The position is equal.} 13. Qf3 $1 {[%cal Rf3h5]} Nhf6 14. Qg3 {[%csl Gh6][%cal Rg3g7]} Ne8 15. Bf4 Nef6 16. Bh6 {[%csl Gh6][%cal Rg3g7] [#]} Nh5 17. Qf3 $1 {[%cal Rf3h5]} Nhf6 18. Qg3 1/2-1/2

[Event "71st RUS-ch Higher League 2018"]
[Site "Yaroslavl"]
[Date "2018.07.03"]
[Round "7"]
[White "Lobanov, Sergei"]
[Black "Gordievsky, Dmitry"]
[Result "1/2-1/2"]
[WhiteElo "2521"]
[BlackElo "2641"]
[Annotator "ChessBase"]
[PlyCount "34"]
[EventDate "2018.06.26"]
[EventType "swiss"]
[EventCountry "RUS"]
[SourceTitle "playchess.com"]
[Source "ChessBase"]
[SourceQuality "1"]
[TimeControl "40/5400+30:1800+30"]

1. e4 {[%emt 0:00:00]} e5 {[%emt 0:00:00]} 2. Nf3 {[%emt 0:00:00]} Nc6 {[%emt 0:00:00]} 3. Bb5 {[%emt 0:01:01]} a6 {[%emt 0:00:01]} 4. Ba4 {[%emt 0:00:05]} d6 {[%emt 0:00:10]} 5. O-O {[%emt 0:04:54]} Bd7 {[%emt 0:00:40]} 6. c3 {[%emt 0:01:01]} g6 {[%emt 0:00:19]} 7. d4 {[%emt 0:00:06]} Bg7 {[%emt 0:00:18]} 8. Bg5 {[%emt 0:03:00]} f6 {[%emt 0:02:31]} 9. Be3 {[%emt 0:00:05]} Nh6 {[%emt 0:02:45]} 10. dxe5 {[%emt 0:07:21]} dxe5 {[%emt 0:00:36]} 11. Nbd2 {[%emt 0:07:51]} Qe7 {[%emt 0:07:10]} 12. b4 {[%emt 0:02:03]} Nd8 {[%emt 0:05:50]} 13. Bb3 {[%emt 0:03:22]} Be6 {[%emt 0:02:12]} 14. Ba4+ {[%emt 0:01:09]} Bd7 {[%emt 0:01:13]} 15. Bb3 {[%emt 0:00:26]} Be6 {[%emt 0:10:12]} 16. Ba4+ {[%emt 0:08:10]} Bd7 {[%emt 0:02:53]} 17. Bb3 {[%emt 0:00:07]} Be6 1/2-1/2

[Event "71st RUS-ch Higher League 2018"]
[Site "Yaroslavl"]
[Date "2018.07.03"]
[Round "7"]
[White "Moiseenko, Vadim"]
[Black "Vastrukhin, Oleg"]
[Result "1-0"]
[WhiteElo "2517"]
[BlackElo "2420"]
[Annotator "ChessBase"]
[PlyCount "142"]
[EventDate "2018.06.26"]
[EventType "swiss"]
[EventCountry "RUS"]
[SourceTitle "playchess.com"]
[Source "ChessBase"]
[SourceQuality "1"]
[TimeControl "40/5400+30:1800+30"]

1. d4 {[%emt 0:00:00]} g6 {[%emt 0:00:22]} 2. e4 {[%emt 0:00:00]} Bg7 {[%emt 0:01:27]} 3. Nc3 {[%emt 0:00:00]} c6 {[%emt 0:03:46]} 4. Bc4 {[%emt 0:01:19]} d5 {[%emt 0:03:14]} 5. exd5 {[%emt 0:02:14]} b5 {[%emt 0:00:04]} 6. Bb3 {[%emt 0:03:23]} b4 {[%emt 0:00:07]} 7. Na4 {[%emt 0:01:31]} cxd5 {[%emt 0:00:39]} 8. a3 {[%emt 0:01:44]} bxa3 {[%emt 0:01:32]} 9. Rxa3 {[%emt 0:00:10]} Nf6 {[%emt 0:00:45]} 10. Nf3 {[%emt 0:00:32]} O-O {[%emt 0:01:02]} 11. O-O {[%emt 0:00:07]} Bg4 {[%emt 0:10:10]} 12. h3 {[%emt 0:00:56]} Bxf3 {[%emt 0:03:56]} 13. Qxf3 {[%emt 0:00:05]} Nc6 {[%emt 0:00:06]} 14. c3 {[%emt 0:01:00]} e5 {[%emt 0:04:14]} 15. dxe5 {[%emt 0:00:28]} Nxe5 {[%emt 0:00:07]} 16. Qe2 {[%emt 0:00:41]} Re8 {[%emt 0:00:38]} 17. Be3 {[%emt 0:00:05]} Qc8 {[%emt 0:06:19]} 18. Rd1 {[%emt 0:05:50]} Rb8 {[%emt 0:05:33]} 19. Ba2 {[%emt 0:09:17]} Nc4 {[%emt 0:10:29]} 20. Bxc4 {[%emt 0:00:11]} dxc4 {[%emt 0:00:06]} 21. Rd4 {[%emt 0:06:07]} Bh6 {[%emt 0:03:15]} 22. Qxc4 {[%emt 0:04:27]} Qxc4 {[%emt 0:02:05]} 23. Rxc4 {[%emt 0:00:04]} Bxe3 {[%emt 0:00:06]} 24. fxe3 {[%emt 0:00:02]} Rxe3 {[%emt 0:00:21]} 25. Rc7 {[%emt 0:03:43]} Rd8 {[%emt 0:03:26]} 26. c4 {[%emt 0:06:45]} Re1+ {[%emt 0:04:56]} 27. Kf2 {[%emt 0:00:13]} Rdd1 {[%emt 0:06:32]} 28. Nc3 {[%emt 0:00:15]} Rf1+ {[%emt 0:00:18]} 29. Ke2 {[%emt 0:00:12]} Rfe1+ {[%emt 0:00:41]} 30. Kf2 {[%emt 0:00:11]} Rf1+ {[%emt 0:00:10]} 31. Ke3 {[%emt 0:07:38]} Rfe1+ {[%emt 0:00:30]} 32. Ne2 {[%emt 0:01:49]} Rd6 {[%emt 0:10:24]} 33. Re7 {[%emt 0:03:02]} Rb1 {[%emt 0:06:02]} 34. Rd3 {[%emt 0:09:51]} Rxd3+ {[%emt 0:03:20]} 35. Kxd3 {[%emt 0:00:04]} Rxb2 {[%emt 0:00:07]} 36. c5 {[%emt 0:06:29]} a5 {[%emt 0:02:35]} 37. c6 {[%emt 0:01:53]} Nd5 {[%emt 0:00:24]} 38. Rb7 {[%emt 0:00:25]} Ra2 {[%emt 0:03:03]} 39. c7 {[%emt 0:10:03]} Nxc7 {[%emt 0:00:15]} 40. Rxc7 {[%emt 0:00:00]} Kg7 {[%emt 0:00:00]} 41. g3 {[%emt 0:03:40]} h5 {[%emt 0:06:17]} 42. Nc3 {[%emt 0:06:15]} Rf2 {[%emt 0:08:42]} 43. Ne4 {[%emt 0:01:09]} Rf5 {[%emt 0:02:30]} 44. h4 {[%emt 0:12:35]} Kg8 {[%emt 0:02:59]} 45. Ke3 {[%emt 0:00:08]} f6 {[%emt 0:02:04]} 46. Nd6 {[%emt 0:05:56]} Rd5 {[%emt 0:00:43]} 47. Rc6 {[%emt 0:00:20]} Re5+ {[%emt 0:03:28]} 48. Kf4 {[%emt 0:00:12]} Kf8 {[%emt 0:01:55]} 49. Ra6 {[%emt 0:01:34]} Ke7 {[%emt 0:01:12]} 50. Nc4 {[%emt 0:01:39]} Rc5 {[%emt 0:00:49]} 51. Nxa5 {[%emt 0:01:13]} g5+ {[%emt 0:00:40]} 52. Ke4 {[%emt 0:00:10]} Rc3 {[%emt 0:00:30]} 53. Nc6+ {[%emt 0:00:57]} Ke8 {[%emt 0:01:23]} 54. hxg5 {[%emt 0:03:48]} fxg5 {[%emt 0:00:18]} 55. Ra8+ {[%emt 0:00:08]} Kf7 {[%emt 0:01:56]} 56. Ne5+ {[%emt 0:01:14]} Ke7 {[%emt 0:01:13]} 57. Ra7+ {[%emt 0:00:20]} Ke6 {[%emt 0:00:02]} 58. Nf3 {[%emt 0:02:16]} Kf6 {[%emt 0:00:42]} 59. Ra6+ {[%emt 0:00:43]} Kg7 {[%emt 0:00:15]} 60. Nd4 {[%emt 0:01:25]} Kf7 {[%emt 0:01:02]} 61. Nf5 {[%emt 0:00:41]} Rc4+ {[%emt 0:02:19]} 62. Ke3 {[%emt 0:02:27]} Rb4 {[%emt 0:00:24]} 63. Nd4 {[%emt 0:00:42]} Kg7 {[%emt 0:02:21]} 64. Rd6 {[%emt 0:05:37]} Rb2 {[%emt 0:01:57]} 65. Ke4 {[%emt 0:01:38]} Rf2 {[%emt 0:00:53]} 66. Rd5 {[%emt 0:01:54]} Kg6 {[%emt 0:01:10]} 67. Nf3 {[%emt 0:00:11]} g4 {[%emt 0:02:00]} 68. Nh4+ {[%emt 0:00:05]} Kh6 {[%emt 0:00:09]} 69. Rd6+ {[%emt 0:00:27]} Kg7 {[%emt 0:00:22]} 70. Nf5+ {[%emt 0:00:06]} Kf7 {[%emt 0:00:21]} 71. Rh6 {[%emt 0:00:06]} Rh2 {[%emt 0:00:50]} 1-0

[Event "71st RUS-ch Higher League 2018"]
[Site "Yaroslavl"]
[Date "2018.07.03"]
[Round "7"]
[White "Sviridov, Valery"]
[Black "Matlakov, Maxim"]
[Result "1/2-1/2"]
[WhiteElo "2513"]
[BlackElo "2699"]
[Annotator "TA"]
[PlyCount "98"]
[EventDate "2018.06.26"]
[EventType "swiss"]
[EventCountry "RUS"]
[SourceTitle "playchess.com"]
[Source "ChessBase"]
[SourceQuality "1"]

{[%evp 30,98,0,0,32,18,29,30,29,29,42,20,22,7,7,7,7,7,16,0,14,-53,-64,-56,-48,-50,-36,-43,-21,-21,-22,-18,-22,-23,-28,-22,-24,-43,-35,-64,-70,-63,-37,-30,-31,-51,-8,-8,0,-10,0,0,0,0,0,0,0,0,0,0,0,0,0,0,0,0,0,0,0,0,0]} 1. d4 Nf6 2. Nf3 d5 3. c4 e6 4. g3 Bb4+ 5. Bd2 Be7 6. Bg2 O-O 7. O-O Nbd7 8. Qc2 c6 9. Rd1 b6 10. Bf4 Bb7 11. Nc3 dxc4 12. Nd2 {E08: Closed Catalan: Main Line: 7 Qc2} Nd5 13. Nxc4 Nxf4 14. gxf4 Qc7 15. e3 Rac8 (15... Rad8 16. Rac1 c5 17. d5 exd5 18. Nxd5 Bxd5 19. Rxd5 b5 {½-½ (31) Swiercz,D (2654)-Ipatov,A (2665) Saint Louis 2018}) 16. Rac1 {LiveBook: 29 Games} Nf6 17. a3 Rfd8 18. b4 Nd5 19. Ne5 Bd6 $146 ({Predecessor:} 19... Qb8) 20. Ne4 f6 21. Nd3 Bf8 22. Qb3 Qf7 23. Ng3 Bd6 {[%cal Bf8d6,Bd6b8,Bb8f4][%mdl 32]} 24. Bf3 Kh8 25. Kh1 {[#]} (25. Rc2 $11) 25... c5 $1 $15 {[%cal Rc5c4][%mdl 512]} 26. e4 (26. bxc5 Nxe3) 26... Nxf4 27. dxc5 bxc5 28. bxc5 Bb8 (28... Nxd3 {keeps more tension.} 29. Rxd3 Be5 30. Rxd8+ Rxd8 31. Nf5 Kg8) 29. Nxf4 $1 Bxf4 30. Rxd8+ Rxd8 31. Rd1 Rxd1+ 32. Bxd1 Qd7 33. Bg4 Bc8 34. Qc4 g6 35. Kg2 Kg7 36. Ne2 Be5 37. f4 Bc7 38. Nd4 $1 $132 {[%cal Rg4e6][%mdl 2048] The position is equal. White puts up resistance} f5 39. exf5 exf5 40. Bf3 $1 Bxf4 {[#] Hoping for ...Be3.} 41. Ne6+ $1 Qxe6 42. Qxf4 Qe7 43. c6 g5 44. Qb8 Ba6 {And now ...g4 would win.} 45. h3 Kh6 46. c7 Qe6 47. Qxa7 g4 48. hxg4 fxg4 49. Ba8 (49. Bb7 Qa2+ 50. Kg1 Qb1+ 51. Kh2 Bxb7 $17) 49... Kg5 {Precision: White = 71%, Black = 72%.} 1/2-1/2

[Event "71st RUS-ch Higher League 2018"]
[Site "Yaroslavl"]
[Date "2018.07.03"]
[Round "7"]
[White "Iskusnyh, Sergei"]
[Black "Moskalenko, Alexander"]
[Result "1-0"]
[WhiteElo "2473"]
[BlackElo "2558"]
[Annotator "ChessBase"]
[PlyCount "69"]
[EventDate "2018.06.26"]
[EventType "swiss"]
[EventCountry "RUS"]
[SourceTitle "playchess.com"]
[Source "ChessBase"]
[SourceQuality "1"]
[TimeControl "40/5400+30:1800+30"]

1. d4 {[%emt 0:00:00]} Nf6 {[%emt 0:07:58]} 2. c4 {[%emt 0:00:57]} b6 {[%emt 0:01:33]} 3. Nc3 {[%emt 0:00:50]} Bb7 {[%emt 0:00:06]} 4. Qc2 {[%emt 0:00:35]} d5 {[%emt 0:00:38]} 5. cxd5 {[%emt 0:00:12]} Nxd5 {[%emt 0:00:04]} 6. Nf3 {[%emt 0:00:20]} Nxc3 {[%emt 0:01:02]} 7. bxc3 {[%emt 0:04:51]} e6 {[%emt 0:01:15]} 8. e4 {[%emt 0:00:21]} Be7 {[%emt 0:00:12]} 9. Bb5+ {[%emt 0:00:26]} c6 {[%emt 0:00:13]} 10. Bd3 {[%emt 0:00:07]} c5 {[%emt 0:01:57]} 11. O-O {[%emt 0:17:52]} Qc7 {[%emt 0:07:19]} 12. Bb5+ {[%emt 0:20:57]} Bc6 {[%emt 0:03:32]} 13. Bxc6+ {[%emt 0:00:41]} Qxc6 {[%emt 0:19:52]} 14. Ne5 {[%emt 0:03:57]} Qb7 {[%emt 0:02:00]} 15. d5 {[%emt 0:01:42]} exd5 {[%emt 0:25:18]} 16. exd5 {[%emt 0:00:57]} O-O {[%emt 0:00:06]} 17. c4 {[%emt 0:08:46]} Bd6 {[%emt 0:06:58]} 18. Nf3 {[%emt 0:04:59]} f6 {[%emt 0:03:27]} 19. Re1 {[%emt 0:06:13]} Qd7 {[%emt 0:00:14]} 20. Bb2 {[%emt 0:05:03]} Na6 {[%emt 0:01:09]} 21. Re4 {[%emt 0:07:54]} Rae8 {[%emt 0:03:28]} 22. Rh4 {[%emt 0:05:04]} h6 {[%emt 0:07:22]} 23. Rf1 {[%emt 0:00:58]} Nb4 {[%emt 0:00:58]} 24. Qb1 {[%emt 0:03:28]} Re2 {[%emt 0:01:03]} 25. a3 {[%emt 0:03:33]} Nc2 {[%emt 0:00:59]} 26. Qd1 {[%emt 0:00:32]} Rfe8 {[%emt 0:00:02]} 27. Qd3 {[%emt 0:01:16]} Ne1 {[%emt 0:02:53]} 28. Nxe1 {[%emt 0:00:39]} Rxe1 {[%emt 0:01:26]} 29. Bc3 {[%emt 0:00:23]} R1e2 {[%emt 0:00:01]} 30. h3 {[%emt 0:00:43]} Qe7 {[%emt 0:00:56]} 31. Rg4 {[%emt 0:00:39]} Re4 {[%emt 0:00:12]} 32. Bxf6 {[%emt 0:00:13]} Qxf6 {[%emt 0:01:14]} 33. Rxe4 {[%emt 0:00:05]} Rf8 {[%emt 0:00:26]} 34. Re6 {[%emt 0:00:21]} Qf4 {[%emt 0:00:11]} 35. g3 {[%emt 0:00:10]} 1-0